000 01336nam a2200241Ia 4500
003 Ost
005 20260507075409.0
008 260507s9999||||xx |||||||||||||| ||und||
020 _a9789931484424
040 _cfsecg
041 _aara
082 _a332.1
100 _aكافي ، مصطفى يوسف
_eمؤلف
245 0 _aاقتصاد المعرفة وانعكاساتة في تحقيق الميزة التنافسية للبنوك /
_c مصطفى يوسف كافي
260 _aقسنطينة:
_bألفا للوثائق,
_c2017
300 _a376 صفحة؛
_bإيضاحات ؛
_c24 سم
504 _aبيبليوغرافيا ص.357
520 _aاقتصاد المعرفة وانعكاساته في تحقيق الميزة التنافسية للبنوك/اقتصاد المعرفة تحدي عالمي جديد في الالفية الثالثة/راس المال الفكري في ظل اقتصاد المعرفة /دور الاقتصاد المعرفي في تحقيق ميزة تنافسية للبنوك/الاقتصاد المعرفي وانعكاساته على التنمية البشرية المستدامة وتحدياتها
653 _aاقتصاد المعرفة
653 _aالبنوك-جوانب اقتصادية
653 _aالمعرفة-جوانب اقتصادية
942 _cكتاب
999 _c44371
_d44371